| 000 | 00650nam a2200169 a 4500 | ||
|---|---|---|---|
| 001 | ASINB007HG9XJE | ||
| 005 | 20170105102927.0 | ||
| 008 | 131212s2009 xxu eng d | ||
| 040 | _a0 | ||
| 082 |
_a954.9150350924 _bKHA 2009 |
||
| 100 | 1 | _aKhan, Ahmad Yar. | |
| 245 | 1 | 0 |
_aInside baluchistan : _ba political autobiography of his highness baiglar baigi, khan-e-azam-xiii mir ahmad yar khan baluch, khan-e-baluch, ex-ruler of kalat state. / _cAhmad Yar Khan. |
| 260 |
_a[S.l.] : _bRoyal Book Co., _c2009. |
||
| 300 | _a1 v. (unpaged) | ||
| 856 | 4 | 0 |
_3Amazon.com _uhttp://www.amazon.com/exec/obidos/ASIN/B007HG9XJE/chopaconline-20 |
| 942 |
_2ddc _cBK |
||
| 999 |
_c15885 _d15885 |
||